000 00485nam a22001697a 4500
005 20251108175727.0
008 250721s2019 xx 000 0 ara d
082 1 4 _a811.9/بكر
100 1 _aابو بكر، علي زياد
245 1 0 _aندى الفجر آت /
264 1 _aعمان :
_bأمواج للنشر و التوزيع،
_c2019.
300 _a111ص.
650 1 7 _aالشعر العربي
650 1 7 _aالعصر الحديث
942 _2ddc
_cBK
999 _c140967
_d140967